| 000 | 00583nam a2200205Ia 4500 | ||
|---|---|---|---|
| 003 | OSt | ||
| 005 | 20230418100113.0 | ||
| 008 | 210423s2011 xx 000 0 und d | ||
| 020 | _a803992734 | ||
| 040 | _cAL | ||
| 041 | _aeng | ||
| 082 | _a658.3 RAOT | ||
| 100 |
_aRAO (T V). _989728 |
||
| 245 | _aHuman resource development: experiences interventions strategies. | ||
| 260 |
_aNew Delhi _bSage Publications _c2011 |
||
| 300 |
_axix,394 _bPB |
||
| 365 |
_b595 _cINR |
||
| 906 | _adevelopment: ; experiences ; Human ; interventions ; resource ; strategies. | ||
| 942 |
_2ddc _cBK |
||
| 999 |
_c160007 _d160007 |
||